000 01033cam a2200241 4500
001 ABS63957
008 000000n2001 000 0 eng u
035 _a(Sirsi) u112871
100 _aTinworth, A
245 _aAgents still tie one on
260 _c2001
490 _aEstates Gazette
_v(0120) 19 May 2001, 210-211(2)
520 _aConsiders how the growth in mobile technology has prompted a trend in homeworking and presents the results of an EG survey looking at flexible working practices in the property industry. The overall impression is that few property firms have adapted to the principles of homeworking, flexible hours and dressing down, although the majority of respondants believe the industry will become more flexible in the future. Graphs.
590 _aABS
650 _aHOMEWORKING
650 _aTELEWORKING
650 _aFLEXIBLE WORKING
650 _aPROPERTY COMPANIES
650 _aWORKING PATTERNS
650 _aPROPERTY INDUSTRY
690 _aMANAGEMENT-BUSINESS MANAGEMENT
942 _n0
999 _c67189
_d67189